Biblioteca y Centro de Documentación

Efficient firm dynamics in a frictional labor market (Registro nro. 46743)

Detalles MARC
000 -CABECERA
Longitud fija campo de control 01126naa a2200289 c 4500
001 - NÚMERO DE CONTROL
Número de control 46743
003 - IDENTIFICADOR DE NÚMERO DE CONTROL
Identificador del número de control ES-MaCES
005 - FECHA Y HORA DE LA ÚLTIMA TRANSACCIÓN
Fecha y hora de la última transacción 20151124154534.0
008 - CAMPO FIJO DE DESCRIPCIÓN FIJA--INFORMACIÓN GENERAL
Códigos de información de longitud fija   151124s us ||||| t||||||| ||eng d
040 ## - FUENTE DE CATALOGACIÓN
Centro catalogador de origen ES-MaCES
Lengua de catalogación spa
Centro transcriptor ES-MaCES
Centro modificado ES-MaCES
100 1# - ENCABEZAMIENTO PRINCIPAL--NOMBRE PERSONAL
9 (RLIN) 36246
Nombre de persona Kaas, Leo
245 10 - MENCIÓN DE TÍTULO
Título Efficient firm dynamics in a frictional labor market
Mención de responsabilidad, etc. Leo Kaas, Philipp Kircher
500 ## - NOTA GENERAL
Nota general Resumen
504 ## - NOTA DE BIBLIOGRAFÍA, ETC.
Nota de bibliografía, etc. Bibliografía: p. 3058-3060
650 #4 - ASIENTO SECUNDARIO DE MATERIA--TÉRMINO DE MATERIA
9 (RLIN) 28292
Término de materia o nombre geográfico como elemento inicial mercado de trabajo
650 #4 - ASIENTO SECUNDARIO DE MATERIA--TÉRMINO DE MATERIA
9 (RLIN) 30174
Término de materia o nombre geográfico como elemento inicial flexibilidad del trabajo
650 #4 - ASIENTO SECUNDARIO DE MATERIA--TÉRMINO DE MATERIA
9 (RLIN) 30745
Término de materia o nombre geográfico como elemento inicial análisis del mercado de mano de obra
650 #4 - ASIENTO SECUNDARIO DE MATERIA--TÉRMINO DE MATERIA
9 (RLIN) 28178
Término de materia o nombre geográfico como elemento inicial empresa
650 #4 - ASIENTO SECUNDARIO DE MATERIA--TÉRMINO DE MATERIA
9 (RLIN) 29242
Término de materia o nombre geográfico como elemento inicial creación de empleos
650 #4 - ASIENTO SECUNDARIO DE MATERIA--TÉRMINO DE MATERIA
9 (RLIN) 29950
Término de materia o nombre geográfico como elemento inicial vacante de empleo
650 #4 - ASIENTO SECUNDARIO DE MATERIA--TÉRMINO DE MATERIA
9 (RLIN) 28889
Término de materia o nombre geográfico como elemento inicial análisis estadístico
653 10 - TÉRMINO DE INDEXACIÓN--NO CONTROLADO
Término no controlado Relaciones laborales-Empleo
700 1# - ENCABEZAMIENTO SECUNDARIO--NOMBRE PERSONAL
9 (RLIN) 36247
Nombre de persona Kircher, Philipp
773 0# - ENTRADA DE DOCUMENTO FUENTE
Itemnumber del ítem fuente 83687
Lugar, editor y fecha de publicación Nashville (Broadway, 2014, Suite 305, TN 37293) American Economic Association
Otro identificador del documento 086589
Título The American economic review
Número de control del registro relacionado (ES-MaCES)25404
Parte(s) relacionada(s) vol. 105, no. 10 (Oct. 2015) {10394 R. 086589} ;p. 330-3060
902 ## - CES. TIPO DE DOCUMENTO
Tipodoc (006$c Sirtex) ART Artículo de revista
942 ## - ELEMENTOS KOHA
Fuente de clasificaión o esquema Clasificación propia del CES
Koha [por defecto] tipo de item Artículos (1982-2017)
Parte de clasificación Relaciones Laborales y Rel. Lab.- Empleo

No hay ítems disponibles.

© CES, Consejo Económico y Social de España 2021